|
|
|
|
| LEADER |
00000nab a2200000 a 4500 |
| 001 |
vtls001498617 |
| 003 |
SK-MaSNL |
| 005 |
20260303075640.0 |
| 008 |
140716s1996 xo 000 0 cze |
| 035 |
|
|
|a SPKCL1424
|
| 040 |
|
|
|a SPKCL
|b slo
|c SNKBUCL
|d ÚIP-SPK(BH)
|e AACR2
|
| 041 |
|
|
|a cze
|
| 044 |
|
|
|a xo
|c SK
|
| 080 |
|
|
|a 794.9:178.9
|2 1981
|
| 080 |
|
|
|a 7
|2 1981
|
| 100 |
1 |
|
|a Matoušková, Veronika
|4 aut
|9 1080439
|
| 245 |
1 |
0 |
|a O jednom typu negatívní závislosti
|c Veronika Matoušková
|
| 520 |
|
|
|a Trend vývoja hazardných hier v západnej a východnej Európe. Definícia patologického hráčstva a jeho dôsledky. Kariéra patologického hráča v 4 štádiach: fáza výhry, fáza strát, fáza zúfalstva, fáza beznádeje. Formy prevencie proti gamblerstvu.
|
| 773 |
1 |
|
|t Vychovávateľ
|g Roč. 40, č. 7-8 (1996) s. 34-36
|
| 850 |
|
|
|a Slovenská pedagogická knižnica Bratislava
|
| 852 |
|
|
|a SPKCL
|b KIS3GCP
|b 000710000
|n SK
|
| 999 |
|
|
|c 1776721
|d 1778651
|